Svenska landskapsdjur - Statistics

General Stats
  • This quiz has been taken 177 times
  • The average score is 18 of 25
Answer Stats
Hint Answer % Correct
Härjedalen Brunbjörn
86%
Jämtland Älg
84%
Lappland Fjällräv
84%
Bohuslän Knubbsäl
84%
Blekinge Ekoxe
81%
Gotland Igelkott
81%
Skåne Kronhjort
81%
Halland Lax
81%
Värmland Varg
79%
Närke Hasselmus
71%
Småland Utter
71%
Dalarna Berguv
70%
Uppland Havsörn
70%
Dalsland Korp
70%
Västergötland Trana
70%
Ångermanland Bäver
65%
Hälsingland Lodjur
65%
Södermanland Fiskgjuse
63%
Västmanland Rådjur
63%
Gästrikland Tjäder
63%
Medelpad Skogshare
60%
Norrbotten Lavskrika
57%
Öland Näktergal
57%
Västerbotten Storspov
54%
Östergötland Knölsvan
51%
No matching quizzes found
Score Distribution
Percent of People with Each Score
Percentile by Number Answered
Your Score History
You have not taken this quiz